00575nam a22001817a 4500003001100000005001700011008004100028020001800069040003900087041000800126082001600134100002500150245005300175260005900228300004500287650003300332650002800365LK-CoMWRAF20231218124611.0231218b2008 |||||||| |||| 00| 0 eng d a9789559261551 aLK-CoMWRAFdLK-CoMWRAFeLK-CoMWRAF aeng a306.36bJAY aJayathilake, Ramanie aWomen migrant workers & trafficking in Sri Lanka aColombo:bWomen's Education & Research Centre, c 2008 a x, 72 p. ; 24 cmbBibliography included aHuman trafficking- Sri Lanka aProstitution- Sri Lanka